| 000 | 00953nam a22002417a 4500 | ||
|---|---|---|---|
| 999 |
_c5602 _d5602 |
||
| 003 | OSt | ||
| 005 | 20251009103950.0 | ||
| 008 | 251009b ||||| |||| 00| 0 eng d | ||
| 020 |
_a9781409591528 _qbook set |
||
| 040 | _cKH8 | ||
| 082 | _aFIC DAV | ||
| 100 |
_aDavidson, Susanna, _eauthor. |
||
| 245 |
_aRumpelstiltskin / _cretold by Susanna Davidson ;illustrated by Desideria Guicciardini. |
||
| 260 |
_aEngland ; _bUsborne Publishing Ltd , _c2006. |
||
| 300 |
_a48 pages : _bcolor illustrations ; _c20 cm. |
||
| 490 |
_aUsborne Young Reading _vSeries one |
||
| 520 | _aAnna, the miller's daughter, dreams of becoming Queen, but first she must spin straw into gold. One night, a mysterious little man appears, promising to help... but what dows he want in return? | ||
| 650 |
_aEasy reading _vfiction |
||
| 650 |
_astory telling _vfiction |
||
| 700 |
_aGuicciardini, Desideria, _eillustrator. |
||
| 830 | _aUsborne Young Reading | ||
| 942 |
_2ddc _cFIC |
||